<?xml version="1.0" encoding="UTF-8"?>
<marc:record xmlns:marc="http://www.loc.gov/MARC21/slim" type="Bibliographic">
   <marc:leader>00000pam a2200000 c 4500</marc:leader>
   <marc:controlfield tag="001">930268237</marc:controlfield>
   <marc:controlfield tag="003">DE-101</marc:controlfield>
   <marc:controlfield tag="005">20171202175856.0</marc:controlfield>
   <marc:controlfield tag="007">tu</marc:controlfield>
   <marc:controlfield tag="008">930112s1993    gw ||||| |||| 00||||ger  </marc:controlfield>
   <marc:datafield ind1=" " ind2=" " tag="015">
      <marc:subfield code="a">93,A25,0294</marc:subfield>
      <marc:subfield code="z">93,N06,0112</marc:subfield>
      <marc:subfield code="2">dnb</marc:subfield>
   </marc:datafield>
   <marc:datafield ind1="7" ind2=" " tag="016">
      <marc:subfield code="2">DE-101</marc:subfield>
      <marc:subfield code="a">930268237</marc:subfield>
   </marc:datafield>
   <marc:datafield ind1=" " ind2=" " tag="020">
      <marc:subfield code="a">9783525539279 (Vandenhoeck &amp; Ruprecht)</marc:subfield>
      <marc:subfield code="c"> Pp.</marc:subfield>
      <marc:subfield code="9">978-3-525-53927-9</marc:subfield>
   </marc:datafield>
   <marc:datafield ind1=" " ind2=" " tag="020">
      <marc:subfield code="a">3525539274 (Vandenhoeck &amp; Ruprecht)</marc:subfield>
      <marc:subfield code="c"> Pp.</marc:subfield>
      <marc:subfield code="9">3-525-53927-4</marc:subfield>
   </marc:datafield>
   <marc:datafield ind1=" " ind2=" " tag="020">
      <marc:subfield code="a">9783727808722 (Univ.-Verl.)</marc:subfield>
      <marc:subfield code="c"> Pp. : sfr 69.00</marc:subfield>
      <marc:subfield code="9">978-3-7278-0872-2</marc:subfield>
   </marc:datafield>
   <marc:datafield ind1=" " ind2=" " tag="020">
      <marc:subfield code="a">3727808721 (Univ.-Verl.)</marc:subfield>
      <marc:subfield code="c"> Pp. : sfr 69.00</marc:subfield>
      <marc:subfield code="9">3-7278-0872-1</marc:subfield>
   </marc:datafield>
   <marc:datafield ind1=" " ind2=" " tag="035">
      <marc:subfield code="a">(DE-599)DNB930268237</marc:subfield>
   </marc:datafield>
   <marc:datafield ind1=" " ind2=" " tag="035">
      <marc:subfield code="a">(OCoLC)246465120</marc:subfield>
   </marc:datafield>
   <marc:datafield ind1=" " ind2=" " tag="040">
      <marc:subfield code="a">1200</marc:subfield>
      <marc:subfield code="b">ger</marc:subfield>
      <marc:subfield code="c">DE-101</marc:subfield>
      <marc:subfield code="d">9999</marc:subfield>
   </marc:datafield>
   <marc:datafield ind1=" " ind2=" " tag="041">
      <marc:subfield code="a">ger</marc:subfield>
   </marc:datafield>
   <marc:datafield ind1=" " ind2=" " tag="043">
      <marc:subfield code="c">XB-TR</marc:subfield>
      <marc:subfield code="c">XB-SY</marc:subfield>
   </marc:datafield>
   <marc:datafield ind1=" " ind2=" " tag="044">
      <marc:subfield code="c">XA-DE</marc:subfield>
   </marc:datafield>
   <marc:datafield ind1=" " ind2=" " tag="084">
      <marc:subfield code="a">12</marc:subfield>
      <marc:subfield code="a">13</marc:subfield>
      <marc:subfield code="a">63</marc:subfield>
      <marc:subfield code="a">200</marc:subfield>
      <marc:subfield code="a">220</marc:subfield>
      <marc:subfield code="a">230</marc:subfield>
      <marc:subfield code="q">DE-101</marc:subfield>
      <marc:subfield code="2">sdnb</marc:subfield>
   </marc:datafield>
   <marc:datafield ind1=" " ind2=" " tag="084">
      <marc:subfield code="a">3.3a</marc:subfield>
      <marc:subfield code="a">3.5cb</marc:subfield>
      <marc:subfield code="a">3.2b</marc:subfield>
      <marc:subfield code="a">3.2b</marc:subfield>
      <marc:subfield code="a">3.3a</marc:subfield>
      <marc:subfield code="a">3.2b</marc:subfield>
      <marc:subfield code="a">3.3a</marc:subfield>
      <marc:subfield code="a">3.2b</marc:subfield>
      <marc:subfield code="a">3.3a</marc:subfield>
      <marc:subfield code="a">3.2b</marc:subfield>
      <marc:subfield code="a">3.3a</marc:subfield>
      <marc:subfield code="a">6.1a</marc:subfield>
      <marc:subfield code="q">DE-101</marc:subfield>
      <marc:subfield code="2">sswd</marc:subfield>
   </marc:datafield>
   <marc:datafield ind1="1" ind2=" " tag="100">
      <marc:subfield code="0">(DE-588)122396936</marc:subfield>
      <marc:subfield code="0">http://d-nb.info/gnd/122396936</marc:subfield>
      <marc:subfield code="0">(DE-101)122396936</marc:subfield>
      <marc:subfield code="a">Feldtkeller, Andreas</marc:subfield>
      <marc:subfield code="d">1961-</marc:subfield>
      <marc:subfield code="e">Verfasser</marc:subfield>
      <marc:subfield code="4">aut</marc:subfield>
   </marc:datafield>
   <marc:datafield ind1="0" ind2="0" tag="245">
      <marc:subfield code="a">Identitätssuche des syrischen Urchristentums</marc:subfield>
      <marc:subfield code="b">Mission, Inkulturation und Pluralität im ältesten Heidenchristentum</marc:subfield>
      <marc:subfield code="c">Andreas Feldtkeller</marc:subfield>
   </marc:datafield>
   <marc:datafield ind1=" " ind2="1" tag="264">
      <marc:subfield code="a">Freiburg, Schweiz</marc:subfield>
      <marc:subfield code="b">Univ.-Verl.</marc:subfield>
      <marc:subfield code="a">Göttingen</marc:subfield>
      <marc:subfield code="b">Vandenhoeck und Ruprecht</marc:subfield>
      <marc:subfield code="c">1993</marc:subfield>
   </marc:datafield>
   <marc:datafield ind1=" " ind2=" " tag="300">
      <marc:subfield code="a">IV, 266 S.</marc:subfield>
      <marc:subfield code="c">24 cm</marc:subfield>
   </marc:datafield>
   <marc:datafield ind1=" " ind2=" " tag="336">
      <marc:subfield code="a">Text</marc:subfield>
      <marc:subfield code="b">txt</marc:subfield>
      <marc:subfield code="2">rdacontent</marc:subfield>
   </marc:datafield>
   <marc:datafield ind1=" " ind2=" " tag="337">
      <marc:subfield code="a">ohne Hilfsmittel zu benutzen</marc:subfield>
      <marc:subfield code="b">n</marc:subfield>
      <marc:subfield code="2">rdamedia</marc:subfield>
   </marc:datafield>
   <marc:datafield ind1=" " ind2=" " tag="338">
      <marc:subfield code="a">Band</marc:subfield>
      <marc:subfield code="b">nc</marc:subfield>
      <marc:subfield code="2">rdacarrier</marc:subfield>
   </marc:datafield>
   <marc:datafield ind1="1" ind2=" " tag="490">
      <marc:subfield code="a">Novum testamentum et orbis antiquus</marc:subfield>
      <marc:subfield code="v">25</marc:subfield>
   </marc:datafield>
   <marc:datafield ind1=" " ind2=" " tag="500">
      <marc:subfield code="a">Literaturverz. S. 209 - 242</marc:subfield>
   </marc:datafield>
   <marc:datafield ind1=" " ind2="7" tag="650">
      <marc:subfield code="0">(DE-588)4039567-4</marc:subfield>
      <marc:subfield code="0">http://d-nb.info/gnd/4039567-4</marc:subfield>
      <marc:subfield code="0">(DE-101)040395677</marc:subfield>
      <marc:subfield code="a">Mission</marc:subfield>
      <marc:subfield code="2">gnd</marc:subfield>
   </marc:datafield>
   <marc:datafield ind1=" " ind2="7" tag="650">
      <marc:subfield code="0">(DE-588)4062115-7</marc:subfield>
      <marc:subfield code="0">http://d-nb.info/gnd/4062115-7</marc:subfield>
      <marc:subfield code="0">(DE-101)040621154</marc:subfield>
      <marc:subfield code="a">Urchristentum</marc:subfield>
      <marc:subfield code="2">gnd</marc:subfield>
   </marc:datafield>
   <marc:datafield ind1=" " ind2="7" tag="650">
      <marc:subfield code="0">(DE-588)4062115-7</marc:subfield>
      <marc:subfield code="0">http://d-nb.info/gnd/4062115-7</marc:subfield>
      <marc:subfield code="0">(DE-101)040621154</marc:subfield>
      <marc:subfield code="a">Urchristentum</marc:subfield>
      <marc:subfield code="2">gnd</marc:subfield>
   </marc:datafield>
   <marc:datafield ind1=" " ind2="7" tag="650">
      <marc:subfield code="0">(DE-588)4123409-1</marc:subfield>
      <marc:subfield code="0">http://d-nb.info/gnd/4123409-1</marc:subfield>
      <marc:subfield code="0">(DE-101)04123409X</marc:subfield>
      <marc:subfield code="a">Identitätsfindung</marc:subfield>
      <marc:subfield code="2">gnd</marc:subfield>
   </marc:datafield>
   <marc:datafield ind1=" " ind2="7" tag="650">
      <marc:subfield code="0">(DE-588)4287820-2</marc:subfield>
      <marc:subfield code="0">http://d-nb.info/gnd/4287820-2</marc:subfield>
      <marc:subfield code="0">(DE-101)042878209</marc:subfield>
      <marc:subfield code="a">Heidenchristentum</marc:subfield>
      <marc:subfield code="2">gnd</marc:subfield>
   </marc:datafield>
   <marc:datafield ind1=" " ind2="7" tag="650">
      <marc:subfield code="0">(DE-588)4162800-7</marc:subfield>
      <marc:subfield code="0">http://d-nb.info/gnd/4162800-7</marc:subfield>
      <marc:subfield code="0">(DE-101)041628004</marc:subfield>
      <marc:subfield code="a">Judenchristentum</marc:subfield>
      <marc:subfield code="2">gnd</marc:subfield>
   </marc:datafield>
   <marc:datafield ind1=" " ind2="7" tag="650">
      <marc:subfield code="0">(DE-588)4287820-2</marc:subfield>
      <marc:subfield code="0">http://d-nb.info/gnd/4287820-2</marc:subfield>
      <marc:subfield code="0">(DE-101)042878209</marc:subfield>
      <marc:subfield code="a">Heidenchristentum</marc:subfield>
      <marc:subfield code="2">gnd</marc:subfield>
   </marc:datafield>
   <marc:datafield ind1=" " ind2="7" tag="650">
      <marc:subfield code="0">(DE-588)4062115-7</marc:subfield>
      <marc:subfield code="0">http://d-nb.info/gnd/4062115-7</marc:subfield>
      <marc:subfield code="0">(DE-101)040621154</marc:subfield>
      <marc:subfield code="a">Urchristentum</marc:subfield>
      <marc:subfield code="2">gnd</marc:subfield>
   </marc:datafield>
   <marc:datafield ind1=" " ind2="7" tag="650">
      <marc:subfield code="0">(DE-588)4161769-1</marc:subfield>
      <marc:subfield code="0">http://d-nb.info/gnd/4161769-1</marc:subfield>
      <marc:subfield code="0">(DE-101)04161769X</marc:subfield>
      <marc:subfield code="a">Inkulturation</marc:subfield>
      <marc:subfield code="2">gnd</marc:subfield>
   </marc:datafield>
   <marc:datafield ind1=" " ind2="7" tag="651">
      <marc:subfield code="0">(DE-588)4112544-7</marc:subfield>
      <marc:subfield code="0">http://d-nb.info/gnd/4112544-7</marc:subfield>
      <marc:subfield code="0">(DE-101)041125444</marc:subfield>
      <marc:subfield code="a">Antiochia</marc:subfield>
      <marc:subfield code="g">Orontes</marc:subfield>
      <marc:subfield code="2">gnd</marc:subfield>
   </marc:datafield>
   <marc:datafield ind1=" " ind2="7" tag="651">
      <marc:subfield code="0">(DE-588)4058794-0</marc:subfield>
      <marc:subfield code="0">http://d-nb.info/gnd/4058794-0</marc:subfield>
      <marc:subfield code="0">(DE-101)040587940</marc:subfield>
      <marc:subfield code="a">Syrien</marc:subfield>
      <marc:subfield code="2">gnd</marc:subfield>
   </marc:datafield>
   <marc:datafield ind1="0" ind2="0" tag="689">
      <marc:subfield code="0">(DE-588)4039567-4</marc:subfield>
      <marc:subfield code="0">http://d-nb.info/gnd/4039567-4</marc:subfield>
      <marc:subfield code="0">(DE-101)040395677</marc:subfield>
      <marc:subfield code="D">s</marc:subfield>
      <marc:subfield code="a">Mission</marc:subfield>
   </marc:datafield>
   <marc:datafield ind1="0" ind2="1" tag="689">
      <marc:subfield code="0">(DE-588)4062115-7</marc:subfield>
      <marc:subfield code="0">http://d-nb.info/gnd/4062115-7</marc:subfield>
      <marc:subfield code="0">(DE-101)040621154</marc:subfield>
      <marc:subfield code="D">s</marc:subfield>
      <marc:subfield code="a">Urchristentum</marc:subfield>
   </marc:datafield>
   <marc:datafield ind1="0" ind2=" " tag="689">
      <marc:subfield code="5">DE-101</marc:subfield>
      <marc:subfield code="5">DE-101</marc:subfield>
   </marc:datafield>
   <marc:datafield ind1="1" ind2="0" tag="689">
      <marc:subfield code="0">(DE-588)4062115-7</marc:subfield>
      <marc:subfield code="0">http://d-nb.info/gnd/4062115-7</marc:subfield>
      <marc:subfield code="0">(DE-101)040621154</marc:subfield>
      <marc:subfield code="D">s</marc:subfield>
      <marc:subfield code="a">Urchristentum</marc:subfield>
   </marc:datafield>
   <marc:datafield ind1="1" ind2="1" tag="689">
      <marc:subfield code="0">(DE-588)4123409-1</marc:subfield>
      <marc:subfield code="0">http://d-nb.info/gnd/4123409-1</marc:subfield>
      <marc:subfield code="0">(DE-101)04123409X</marc:subfield>
      <marc:subfield code="D">s</marc:subfield>
      <marc:subfield code="a">Identitätsfindung</marc:subfield>
   </marc:datafield>
   <marc:datafield ind1="1" ind2=" " tag="689">
      <marc:subfield code="5">DE-101</marc:subfield>
      <marc:subfield code="5">DE-101</marc:subfield>
   </marc:datafield>
   <marc:datafield ind1="2" ind2="0" tag="689">
      <marc:subfield code="0">(DE-588)4112544-7</marc:subfield>
      <marc:subfield code="0">http://d-nb.info/gnd/4112544-7</marc:subfield>
      <marc:subfield code="0">(DE-101)041125444</marc:subfield>
      <marc:subfield code="D">g</marc:subfield>
      <marc:subfield code="a">Antiochia</marc:subfield>
      <marc:subfield code="g">Orontes</marc:subfield>
   </marc:datafield>
   <marc:datafield ind1="2" ind2="1" tag="689">
      <marc:subfield code="0">(DE-588)4287820-2</marc:subfield>
      <marc:subfield code="0">http://d-nb.info/gnd/4287820-2</marc:subfield>
      <marc:subfield code="0">(DE-101)042878209</marc:subfield>
      <marc:subfield code="D">s</marc:subfield>
      <marc:subfield code="a">Heidenchristentum</marc:subfield>
   </marc:datafield>
   <marc:datafield ind1="2" ind2=" " tag="689">
      <marc:subfield code="5">DE-101</marc:subfield>
      <marc:subfield code="5">DE-101</marc:subfield>
   </marc:datafield>
   <marc:datafield ind1="3" ind2="0" tag="689">
      <marc:subfield code="0">(DE-588)4162800-7</marc:subfield>
      <marc:subfield code="0">http://d-nb.info/gnd/4162800-7</marc:subfield>
      <marc:subfield code="0">(DE-101)041628004</marc:subfield>
      <marc:subfield code="D">s</marc:subfield>
      <marc:subfield code="a">Judenchristentum</marc:subfield>
   </marc:datafield>
   <marc:datafield ind1="3" ind2="1" tag="689">
      <marc:subfield code="0">(DE-588)4287820-2</marc:subfield>
      <marc:subfield code="0">http://d-nb.info/gnd/4287820-2</marc:subfield>
      <marc:subfield code="0">(DE-101)042878209</marc:subfield>
      <marc:subfield code="D">s</marc:subfield>
      <marc:subfield code="a">Heidenchristentum</marc:subfield>
   </marc:datafield>
   <marc:datafield ind1="3" ind2=" " tag="689">
      <marc:subfield code="5">DE-101</marc:subfield>
      <marc:subfield code="5">DE-101</marc:subfield>
   </marc:datafield>
   <marc:datafield ind1="4" ind2="0" tag="689">
      <marc:subfield code="0">(DE-588)4058794-0</marc:subfield>
      <marc:subfield code="0">http://d-nb.info/gnd/4058794-0</marc:subfield>
      <marc:subfield code="0">(DE-101)040587940</marc:subfield>
      <marc:subfield code="D">g</marc:subfield>
      <marc:subfield code="a">Syrien</marc:subfield>
   </marc:datafield>
   <marc:datafield ind1="4" ind2="1" tag="689">
      <marc:subfield code="0">(DE-588)4062115-7</marc:subfield>
      <marc:subfield code="0">http://d-nb.info/gnd/4062115-7</marc:subfield>
      <marc:subfield code="0">(DE-101)040621154</marc:subfield>
      <marc:subfield code="D">s</marc:subfield>
      <marc:subfield code="a">Urchristentum</marc:subfield>
   </marc:datafield>
   <marc:datafield ind1="4" ind2="2" tag="689">
      <marc:subfield code="0">(DE-588)4161769-1</marc:subfield>
      <marc:subfield code="0">http://d-nb.info/gnd/4161769-1</marc:subfield>
      <marc:subfield code="0">(DE-101)04161769X</marc:subfield>
      <marc:subfield code="D">s</marc:subfield>
      <marc:subfield code="a">Inkulturation</marc:subfield>
   </marc:datafield>
   <marc:datafield ind1="4" ind2=" " tag="689">
      <marc:subfield code="5">DE-101</marc:subfield>
      <marc:subfield code="5">DE-101</marc:subfield>
   </marc:datafield>
   <marc:datafield ind1=" " ind2="0" tag="830">
      <marc:subfield code="a">Novum testamentum et orbis antiquus</marc:subfield>
      <marc:subfield code="v">25</marc:subfield>
      <marc:subfield code="w">(DE-101)01460146X</marc:subfield>
      <marc:subfield code="w">(DE-600)849205-0</marc:subfield>
      <marc:subfield code="9">225</marc:subfield>
      <marc:subfield code="7">as</marc:subfield>
   </marc:datafield>
   <marc:datafield ind1=" " ind2=" " tag="850">
      <marc:subfield code="a">DE-101a</marc:subfield>
      <marc:subfield code="a">DE-101b</marc:subfield>
   </marc:datafield>
   <marc:datafield ind1="r" ind2=" " tag="925">
      <marc:subfield code="a">ra</marc:subfield>
   </marc:datafield>
</marc:record>
